| 000 | 00789nam a2200241 i 4500 | ||
|---|---|---|---|
| 001 | 13699 | ||
| 003 | ES-MaACL | ||
| 005 | 20230906150638.0 | ||
| 007 | t| | ||
| 008 | 980602s1994 sp ||||1| spa d | ||
| 020 | _a84-7798-109-4 | ||
| 080 | _a72 Rivas Carmona, Jesús | ||
| 100 | 1 |
_aRivas Carmona, Jesús. _997569 |
|
| 245 | 1 | 0 |
_aLeonardo de Figueroa _b: una nueva visión de un viejo maestro / _cJesús Rivas Carmona. |
| 260 |
_aSevilla : _bDiputación Provincial, _c1994. |
||
| 300 |
_a181 p. : _bil. ; _c19 cm. |
||
| 490 | 1 |
_aArte hispalense ; _v63 |
|
| 600 | 1 | 4 |
_aFigueroa, Leonardo de. _950784 |
| 710 | 1 |
_aSevilla (Provincia). _bDiputación Provincial. _96592 |
|
| 830 | 0 |
_aArte hispalense ; _v63 _9179523 |
|
| 852 |
_aES-MaACL _jL-20960 _bR.124994 |
||
| 999 |
_c13699 _d13699 |
||